[Event "Stuttgart-chB int"]
[Site "Gerlingen"]
[Date "2007.05.19"]
[Round "6"]
[White "Marx, Alexander"]
[Black "Hildebrecht, Frank"]
[Result "1-0"]
[WhiteElo "1656"]
[BlackElo "1783"]
[PlyCount "79"]
[EventDate "2007.05.17"]
[EventType "swiss"]
[EventRounds "7"]
[EventCountry "GER"]
[SourceTitle "EXT 2018"]
[Source "ChessBase"]
[SourceDate "2017.10.13"]
[SourceVersion "1"]
[SourceVersionDate "2017.10.13"]
[SourceQuality "1"]

1. d4 d5 2. c4 e6 3. Nc3 c5 4. cxd5 exd5 5. Nf3 Nc6 6. Bg5 Be7 7. Bxe7 Ngxe7 8. dxc5 0-0 9. e3 Qa5 10. Bb5 a6 11. Bxc6 bxc6 12. 0-0 Qxc5 13. Na4 Qb4 14. Rc1 a5 15. Nd4 Ba6 16. a3 Qd6 17. Re1 Rfc8 18. Nb6 c5 19. Nxc8 Rxc8 20. Nb3 a4 21. Nd2 Qc6 22. Nf3 Qe8 23. Rc2 Qd7 24. Rd2 Bb5 25. Qc2 f6 26. Rc1 Rc6 27. Qd1 Qe6 28. Rdc2 Qd6 29. Nd2 Qc7 30. Rc3 Ng6 31. Qg4 Ne5 32. Qh5 Qe7 33. Qf5 Rc7 34. b3 Qd6 35. Qc2 axb3 36. Qxb3 Ba6 37. Ne4 Qf8 38. Qxd5+ Kh8 39. Nxc5 Qc8 40. Nxa6 1-0

[Event "Stuttgart-chB int"]
[Site "Gerlingen"]
[Date "2007.05.17"]
[Round "1"]
[White "Hirneise, Lothar"]
[Black "Hildebrecht, Frank"]
[Result "0-1"]
[WhiteElo "1436"]
[BlackElo "1783"]
[PlyCount "92"]
[EventDate "2007.05.17"]
[EventType "swiss"]
[EventRounds "7"]
[EventCountry "GER"]
[SourceTitle "EXT 2018"]
[Source "ChessBase"]
[SourceDate "2017.10.13"]
[SourceVersion "1"]
[SourceVersionDate "2017.10.13"]
[SourceQuality "1"]

1. d4 d5 2. c4 e6 3. Nc3 c5 4. cxd5 exd5 5. Nf3 Nc6 6. Bg5 Be7 7. Bxe7 Ngxe7 8. e3 0-0 9. dxc5 Qa5 10. Rc1 Qxc5 11. Be2 Bg4 12. 0-0 Rad8 13. Nd4 Bxe2 14. Ncxe2 Qb6 15. Qb3 Nxd4 16. Nxd4 Qxb3 17. Nxb3 Rc8 18. Rxc8 Rxc8 19. Rc1 Rc4 20. Kf1 Nc6 21. Rd1 Rc2 22. Rd2 Rxd2 23. Nxd2 Kf8 24. Ke2 Ke7 25. a3 Kd6 26. Nb3 Ne5 27. Kd2 Nc4+ 28. Kc3 g6 29. Nd4 a6 30. Nf3 f6 31. h3 Ke6 32. Nd2 Nd6 33. Kd4 b6 34. Nf3 Ne4 35. Ne1 Nxf2 36. Nd3 Nxd3 37. Kxd3 Ke5 38. Ke2 Ke4 39. Kd2 h5 40. Ke2 g5 41. Kd2 f5 42. Ke2 d4 43. exd4 Kxd4 44. Kd2 f4 45. Ke2 g4 46. hxg4 hxg4 0-1

[Event "Stuttgart-chB int"]
[Site "Ditzingen"]
[Date "2005.05.08"]
[Round "7"]
[White "Mijatovic, Andrea"]
[Black "Hildebrecht, Frank"]
[Result "1/2-1/2"]
[WhiteElo "1596"]
[BlackElo "1775"]
[PlyCount "53"]
[EventDate "2005.05.05"]
[EventType "swiss"]
[EventRounds "7"]
[EventCountry "GER"]
[SourceTitle "EXT 2018"]
[Source "ChessBase"]
[SourceDate "2017.10.13"]
[SourceVersion "1"]
[SourceVersionDate "2017.10.13"]
[SourceQuality "1"]

1. e4 e5 2. Nf3 d6 3. d4 Nf6 4. Nc3 Nbd7 5. Bc4 Be7 6. 0-0 0-0 7. Bg5 c6 8. Re1 b5 9. Bxf6 Bxf6 10. dxe5 dxe5 11. Be2 b4 12. Na4 Qa5 13. b3 Rd8 14. Qc1 Nf8 15. Nb2 Ne6 16. Nc4 Qc7 17. c3 bxc3 18. Qxc3 Nd4 19. Rac1 Bg4 20. h3 Bxf3 21. Bxf3 a5 22. Bg4 Bg5 23. Rcd1 Be7 24. Qg3 f6 25. Re3 a4 26. Red3 Qa7 27. bxa4 1/2-1/2

[Event "Stuttgart-chB int"]
[Site "Ditzingen"]
[Date "2005.05.06"]
[Round "4"]
[White "Hildebrecht, Frank"]
[Black "Braun, Georg"]
[Result "0-1"]
[WhiteElo "1775"]
[BlackElo "1490"]
[PlyCount "52"]
[EventDate "2005.05.05"]
[EventType "swiss"]
[EventRounds "7"]
[EventCountry "GER"]
[SourceTitle "EXT 2018"]
[Source "ChessBase"]
[SourceDate "2017.10.13"]
[SourceVersion "1"]
[SourceVersionDate "2017.10.13"]
[SourceQuality "1"]

1. c4 c5 2. Nc3 Nc6 3. g3 g6 4. Bg2 Bg7 5. a3 a6 6. Nf3 e6 7. 0-0 Nge7 8. Rb1 d5 9. cxd5 exd5 10. b4 c4 11. Bb2 0-0 12. Na4 d4 13. e3 Nf5 14. g4 Nfe7 15. Nxd4 Nxd4 16. Bxd4 Bxd4 17. exd4 Qxd4 18. h3 Nd5 19. Qf3 Nf4 20. Nc5 Nxg2 21. Kxg2 Ra7 22. Qg3 b6 23. Qb8 Qd5+ 24. Kg3 Bxg4 25. Qxa7 Qf3+ 26. Kh2 Qxh3+ 0-1

[Event "Germany op"]
[Site "Germany"]
[Date "2004.05.20"]
[Round "1"]
[White "Grueneschild, Hildegard"]
[Black "Hildebrecht, Frank"]
[Result "0-1"]
[WhiteElo "1505"]
[BlackElo "1800"]
[PlyCount "76"]
[EventDate "2004.05.??"]
[EventType "swiss"]
[EventRounds "7"]
[EventCountry "GER"]
[SourceTitle "EXT 2005"]
[Source "ChessBase"]
[SourceDate "2004.11.15"]
[SourceVersion "1"]
[SourceVersionDate "2004.11.15"]
[SourceQuality "1"]

1. c4 e6 2. Nc3 d5 3. e3 c5 4. d4 Nc6 5. Nf3 Nf6 6. b3 cxd4 7. exd4 Bb4 8. Bb2 0-0 9. Be2 dxc4 10. bxc4 Ne4 11. Rc1 Qa5 12. Qb3 Rd8 13. 0-0 Nxc3 14. Bxc3 Bxc3 15. Rxc3 b6 16. Rd1 Ba6 17. Bf1 Rac8 18. Re3 Qf5 19. Qa3 Na5 20. Re5 Qf6 21. Qa4 Bxc4 22. Rxa5 Bxf1 23. Kxf1 bxa5 24. Qxa5 Qe7 25. Qa6 Qc7 26. Qd3 Qc4 27. Rd2 Qxd3+ 28. Rxd3 Rc1+ 29. Ke2 Rc2+ 30. Ke3 Rxa2 31. Rc3 Ra8 32. Ne5 a5 33. Nd7 h6 34. h4 a4 35. g4 Rb2 36. g5 hxg5 37. hxg5 a3 38. Nc5 a2 0-1